[Event "Veterans 2018"]
[Site "Aubagne"]
[Date "2018.05.17"]
[Round "1.1"]
[White "Thiers, Jean-Jacques"]
[Black "Moncamp, Gilles"]
[Result "0-1"]
[WhiteElo "1606"]
[BlackElo "2107"]
[PlyCount "38"]

1. d4 d6 2. c4 Nd7 3. e4 Ngf6 4. Nc3 e5 5. Be3 c6 6. Bd3 g6 7. Nge2 Bg7 8. Qd2
Ng4 9. Bg5 Qa5 10. d5 f6 11. Bh4 O-O 12. h3 Nh6 13. O-O Nc5 14. Ng3 Nxd3 15.
Qxd3 g5 16. Nf5 Bxf5 17. exf5 gxh4 18. dxc6 bxc6 19. Qxd6 Qa6 0-1

[Event "Veterans 2018"]
[Site "Aubagne"]
[Date "2018.05.17"]
[Round "1.2"]
[White "Cescon, Moreno"]
[Black "Bertrand, Frederic"]
[Result "1-0"]
[WhiteElo "1782"]
[BlackElo "1579"]
[PlyCount "37"]

1. e4 e6 2. d4 d5 3. exd5 exd5 4. Nf3 Bg4 5. Be2 Bd6 6. O-O Ne7 7. Bg5 f6 8.
Bh4 Nbc6 9. h3 Bd7 10. Re1 O-O 11. c3 Nf5 12. Bd3 Nce7 13. Qc2 h6 14. g4 Nxh4
15. Nxh4 Qc8 16. Bh7+ Kh8 17. Rxe7 Bxe7 18. Ng6+ Kxh7 19. Nxe7+ 1-0

[Event "Veterans 2018"]
[Site "Aubagne"]
[Date "2018.05.17"]
[Round "1.3"]
[White "Derien, Robert"]
[Black "Pierrugues, Laurent"]
[Result "1-0"]
[WhiteElo "1557"]
[BlackElo "1768"]
[PlyCount "83"]

1. e4 e6 2. d4 d5 3. Nd2 c5 4. c3 Nc6 5. Ngf3 cxd4 6. cxd4 Qb6 7. exd5 exd5 8.
Nb3 Nf6 9. Bd3 Bb4+ 10. Bd2 O-O 11. O-O Bg4 12. h3 Bxd2 13. Nbxd2 Bh5 14. Nb3
Rfe8 15. g4 Bg6 16. Rc1 Be4 17. Rc5 Bxf3 18. Qxf3 Nxd4 19. Qd1 Ne6 20. Rb5 Qc7
21. Qf3 b6 22. Rd1 Qf4 23. Be2 Rac8 24. Qd3 Ng5 25. Nd4 Nge4 26. Qf3 Qxf3 27.
Bxf3 Rc4 28. Nf5 Rc2 29. Bxe4 dxe4 30. Ne3 Rcc8 31. a4 g6 32. a5 bxa5 33. Rxa5
Rc7 34. Rd6 Kg7 35. Rda6 Rb8 36. Rxf6 Rc1+ 37. Kg2 Kxf6 38. b4 Rb7 39. Ra6+ Kg7
40. h4 Rc5 41. bxc5 Rc7 42. c6 1-0

[Event "Veterans 2018"]
[Site "Aubagne"]
[Date "2018.05.17"]
[Round "1.4"]
[White "Battaglia, Gerard"]
[Black "Graells, Christian"]
[Result "1-0"]
[WhiteElo "1749"]
[BlackElo "1520"]
[PlyCount "107"]

1. d4 Nf6 2. c4 c5 3. d5 d6 4. Nc3 Nbd7 5. e4 e5 6. Nf3 Be7 7. Bd3 O-O 8. O-O
a6 9. a3 Nb6 10. h3 Ne8 11. Qc2 Bd7 12. Be3 Qc8 13. Nh2 f5 14. f3 f4 15. Bf2
Bg5 16. Rab1 Rf6 17. h4 Bh6 18. b4 Rg6 19. Kh1 Qc7 20. bxc5 dxc5 21. Be2 Rb8
22. Ng4 Nf6 23. Nxe5 Qxe5 24. Rxb6 Qe7 25. d6 Qe5 26. Rfb1 Nh5 27. Rxa6 Ng3+
28. Kg1 Qh5 29. Nd5 Qxh4 30. Bxc5 Qh1+ 31. Kf2 Qh4 32. Ne7+ Kf7 33. Nxg6 Kxg6
34. Bf1 Nf5+ 35. Ke2 Ne3 36. Bxe3 fxe3 37. Rab6 Bf4 38. Rd1 Kf6 39. Qc3+ Ke6
40. Qxg7 Bg5 41. Qd4 Ra8 42. Qd5+ Kf6 43. e5+ Kg6 44. Rb3 Qf2+ 45. Kd3 Bf5+ 46.
Kc3 e2 47. Bxe2 Qxe2 48. d7 Qc2+ 49. Kb4 Be7+ 50. c5 Bxc5+ 51. Qxc5 Ra4+ 52.
Kxa4 Qxc5 53. d8=Q Qc6+ 54. Kb4 1-0

[Event "Veterans 2018"]
[Site "Aubagne"]
[Date "2018.05.17"]
[Round "1.5"]
[White "Marku, Demeter"]
[Black "Colandrea, Sauveur"]
[Result "0-1"]
[WhiteElo "1498"]
[BlackElo "1737"]
[PlyCount "62"]

1. e4 d6 2. Nf3 e5 3. Bc4 Be7 4. O-O Nf6 5. d3 O-O 6. Nc3 Nc6 7. a3 Bg4 8. h3
Bh5 9. Be3 a6 10. Re1 Nd4 11. g4 Nxf3+ 12. Qxf3 Bg6 13. g5 Bh5 14. Qg3 Nd7 15.
Nd5 c6 16. Nxe7+ Qxe7 17. Qh4 Bg6 18. Qg4 Kh8 19. h4 f6 20. Be6 Nc5 21. Bxc5
dxc5 22. h5 Bf7 23. Bf5 fxg5 24. Kg2 Qf6 25. Rh1 Be6 26. h6 g6 27. Qg3 gxf5 28.
Qe3 fxe4 29. dxe4 Qf4 30. Rae1 Qg4+ 31. Kf1 Bc4+ 0-1

[Event "Veterans 2018"]
[Site "Aubagne"]
[Date "2018.05.17"]
[Round "1.6"]
[White "Kleitz, Michel"]
[Black "Cavanihac, Claude"]
[Result "1-0"]
[WhiteElo "1720"]
[BlackElo "1495"]
[PlyCount "55"]

1. d4 Nf6 2. c4 d5 3. cxd5 Nxd5 4. e4 Nf6 5. Nc3 e6 6. a3 Be7 7. Nf3 O-O 8. Bd3
c5 9. dxc5 Bxc5 10. b4 Be7 11. O-O a6 12. Qc2 g6 13. Rd1 Qc7 14. Bb2 Nc6 15.
Rac1 Bd7 16. Na4 Rfc8 17. Qb3 b5 18. Nc5 Bxc5 19. Bxf6 Bf8 20. Qb2 Qf4 21. Bg5
Qb8 22. Bxb5 Bg7 23. Bf6 Bxf6 24. Qxf6 axb5 25. Rxd7 Nd8 26. Rcd1 h6 27. Ne5
Qb6 28. Nxf7 1-0

[Event "Veterans 2018"]
[Site "Aubagne"]
[Date "2018.05.17"]
[Round "1.7"]
[White "Guidini, Rene"]
[Black "Deregnaucourt, Yves"]
[Result "0-1"]
[WhiteElo "1464"]
[BlackElo "1664"]
[PlyCount "46"]

1. e4 e5 2. Nf3 Nc6 3. Bc4 Bc5 4. c3 Nf6 5. d3 d6 6. Bg5 Be6 7. Bxe6 fxe6 8. b4
Bb6 9. a4 a6 10. O-O O-O 11. Na3 Qd7 12. Nc4 Ba7 13. b5 axb5 14. axb5 Ne7 15.
Qb1 Nh5 16. Bd2 Ng6 17. Ne3 Nhf4 18. Re1 Qe7 19. Nf1 Qf6 20. Be3 Nxg2 21. Qd1
Nxe1 22. Qxe1 Qxf3 23. Bxa7 Nh4 0-1

[Event "Veterans 2018"]
[Site "Aubagne"]
[Date "2018.05.17"]
[Round "1.8"]
[White "Blanc, Michel"]
[Black "Amoros, Jean"]
[Result "1-0"]
[WhiteElo "1615"]
[BlackElo "1453"]
[PlyCount "99"]

1. d4 g6 2. Bf4 Bg7 3. Nf3 c5 4. c3 cxd4 5. cxd4 Qa5+ 6. Qd2 Qxd2+ 7. Nbxd2 d6
8. e3 Nf6 9. h3 Nc6 10. Bb5 a6 11. Be2 Bf5 12. a3 O-O 13. O-O Nd7 14. d5 Na7
15. e4 e5 16. dxe6 Bxe6 17. Bxd6 Rfe8 18. e5 Nb5 19. Bxb5 axb5 20. Rac1 Rac8
21. Rfe1 b6 22. Nb1 Nc5 23. Bxc5 bxc5 24. Nc3 b4 25. Ne4 Bf8 26. Nf6+ Kh8 27.
Nxe8 Rxe8 28. axb4 cxb4 29. Ng5 Ba2 30. Ra1 Bb3 31. f3 Kg7 32. Ne4 Bc2 33. Nd6
Rd8 34. Re2 b3 35. Rd2 Kg8 36. Kf2 Be7 37. g3 h6 38. Ke3 Kg7 39. Ra7 Kf8 40.
Rc7 Bf5 41. h4 Be6 42. Ne4 Ra8 43. Nc5 h5 44. Nxe6+ fxe6 45. Rb7 Ra1 46. Rxb3
Rg1 47. Ke4 Re1+ 48. Kd3 Bc5 49. Kc4 Rc1+ 50. Rc3 1-0

[Event "Veterans 2018"]
[Site "Aubagne"]
[Date "2018.05.17"]
[Round "1.9"]
[White "Periale, Albert"]
[Black "Strate, Francois"]
[Result "0-1"]
[WhiteElo "1297"]
[BlackElo "1412"]
[PlyCount "62"]

1. e4 e6 2. d4 d5 3. e5 c5 4. c3 Nc6 5. Nf3 Qb6 6. Bd3 cxd4 7. cxd4 Bd7 8. Be2
Nge7 9. b3 Nf5 10. Be3 Bb4+ 11. Kf1 Nxe3+ 12. fxe3 O-O 13. a3 Be7 14. b4 a6 15.
Nc3 Na7 16. Rb1 Bb5 17. Nxb5 Nxb5 18. Rb3 Rac8 19. Bxb5 Qxb5+ 20. Kf2 Rc4 21.
Nd2 Rc7 22. Qb1 Rfc8 23. Rd1 Rc2 24. Rb2 Qd3 25. Rxc2 Rxc2 26. Kf3 Qf5+ 27. Ke2
Qe4 28. Rg1 Bg5 29. Kd1 Rxd2+ 30. Kxd2 Bxe3+ 31. Kd1 Qxb1+ 0-1

[Event "Veterans 2018"]
[Site "Aubagne"]
[Date "2018.05.17"]
[Round "1.10"]
[White "Lassalle, Marc"]
[Black "Rocchia, Alex"]
[Result "1-0"]
[WhiteElo "1405"]
[BlackElo "1275"]
[PlyCount "37"]

1. d4 Nf6 2. Bf4 e6 3. e3 c5 4. c3 g6 5. Nd2 Bg7 6. e4 d6 7. e5 dxe5 8. dxe5
Nfd7 9. Ngf3 Nc6 10. Nc4 O-O 11. Bd3 a6 12. a4 Qc7 13. Qe2 b6 14. h4 Bb7 15. h5
b5 16. Nd6 Ncxe5 17. Nxe5 Qxd6 18. Nxg6 Qd5 19. Ne7+ 1-0

[Event "Veterans 2018"]
[Site "Aubagne"]
[Date "2018.05.17"]
[Round "1.11"]
[White "Porte, Jacques"]
[Black "Gaudfernau, Pierre"]
[Result "1-0"]
[WhiteElo "1265"]
[BlackElo "1399"]
[PlyCount "70"]

1. d4 d5 2. c4 Nf6 3. Nc3 e6 4. cxd5 exd5 5. Bg5 Be7 6. e3 Bf5 7. Nf3 Nc6 8.
Be2 Nb4 9. Qa4+ Qd7 10. Qxd7+ Bxd7 11. O-O Bf5 12. Ne5 h6 13. Bxf6 Bxf6 14. a3
Nc2 15. Rac1 O-O 16. Bd3 Bxd3 17. Nxd3 Bxd4 18. Rxc2 Bxc3 19. Rxc3 d4 20. exd4
c6 21. Rd1 a5 22. Nc5 b6 23. Nd7 Rfd8 24. Nxb6 Rab8 25. Na4 Rd6 26. f4 Re8 27.
Kf2 Re4 28. Nc5 Rxf4+ 29. Rf3 g5 30. Rxf4 gxf4 31. Kf3 Rf6 32. Ne4 Rf5 33. Rc1
Rd5 34. Nf6+ Kg7 35. Nxd5 cxd5 1-0

[Event "Veterans 2018"]
[Site "Aubagne"]
[Date "2018.05.17"]
[Round "1.12"]
[White "Betry, Bernard"]
[Black "Cotton, Paul"]
[Result "0-1"]
[WhiteElo "1220"]
[BlackElo "1395"]
[PlyCount "80"]

1. Nf3 Nf6 2. d4 g6 3. g3 Bg7 4. Bg2 d6 5. c4 O-O 6. O-O Nbd7 7. Re1 c5 8. Nbd2
Rb8 9. d5 b5 10. Rb1 bxc4 11. Nxc4 Bb7 12. e4 Nb6 13. b3 Ba6 14. Qc2 Nxc4 15.
bxc4 Rxb1 16. Qxb1 Bxc4 17. a3 Qc7 18. Nd2 Rb8 19. Qc2 Bb5 20. Bf1 Bxf1 21.
Kxf1 Ng4 22. h3 Ne5 23. f4 Nd7 24. Nc4 Qc8 25. Na5 Qa6+ 26. Nc4 Nb6 27. Qb3
Qxc4+ 28. Qxc4 Nxc4 29. Ke2 Rb3 30. e5 Rxg3 31. Kf2 Rxh3 32. Re4 Rh1 33. Rxc4
h5 34. Kg2 Rd1 35. Be3 Rxd5 36. Ra4 dxe5 37. fxe5 Rxe5 38. Bf2 Re2 39. Rxa7 Bd4
40. Kf1 Rxf2+ 0-1

[Event "Veterans 2018"]
[Site "Aubagne"]
[Date "2018.05.17"]
[Round "1.13"]
[White "Reynaud, Jacques"]
[Black "Pietrac, Christian"]
[Result "0-1"]
[WhiteElo "1391"]
[BlackElo "1219"]
[PlyCount "78"]

1. Nf3 Nf6 2. d4 g6 3. c4 Bg7 4. Bg5 O-O 5. e3 Ne4 6. Bf4 d6 7. Bd3 Nf6 8. h3
c5 9. Nc3 Nh5 10. Bh2 Nc6 11. d5 Nb4 12. Bb1 Qa5 13. O-O a6 14. Qb3 b5 15. g4
Nf6 16. a3 bxc4 17. Qxc4 Rb8 18. Bxg6 fxg6 19. axb4 Qxb4 20. Qxb4 Rxb4 21. Ra2
Nxg4 22. hxg4 Rxf3 23. Bg3 Rxg4 24. Ra4 Rg5 25. Kg2 Rf7 26. f4 Rh5 27. Ne4 Bh3+
28. Kf2 Bxf1 29. Kxf1 Bxb2 30. Rxa6 Rh1+ 31. Kf2 Ra1 32. Rc6 Ra2 33. Kf3 Ra3
34. Ng5 Rf8 35. Ne6 Re8 36. Rc7 Bc1 37. Bf2 Rd3 38. Ke4 Rd2 39. Kf3 Rxd5 0-1

[Event "Veterans 2018"]
[Site "Aubagne"]
[Date "2018.05.17"]
[Round "1.14"]
[White "Olive, Alain"]
[Black "Hidreau, Olivier"]
[Result "0-1"]
[WhiteElo "1182"]
[BlackElo "1390"]
[PlyCount "116"]

1. e3 e6 2. a3 Nf6 3. d4 d5 4. Nc3 c5 5. Bb5+ Bd7 6. b4 cxd4 7. exd4 a5 8.
Bxd7+ Nbxd7 9. b5 Nb6 10. Nf3 Rc8 11. Ne2 Qc7 12. O-O Qxc2 13. Qe1 Nc4 14. Ne5
Qa4 15. Nc3 Qc2 16. Ra2 Qf5 17. Nxc4 Rxc4 18. b6 Rxd4 19. Nb5 Rc4 20. Qxa5 e5
21. Nc7+ Rxc7 22. bxc7 Qc8 23. Rc2 Bd6 24. Qb5+ Ke7 25. Be3 Ke6 26. a4 Re8 27.
Bb6 Re7 28. Rfc1 Nd7 29. Ba5 f6 30. Rd1 Nc5 31. Rxc5 Bxc5 32. Qxc5 Rd7 33. h3
f5 34. Rc1 Rd6 35. Qa7 Rc6 36. Rxc6+ bxc6 37. Qb8 Kd7 38. Bb6 d4 39. Qxc8+ Kxc8
40. a5 d3 41. a6 d2 42. a7 d1=Q+ 43. Kh2 Qa4 44. g3 Qa6 45. Bc5 Kxc7 46. Be3 g6
47. f4 exf4 48. Bxf4+ Kb7 49. Be3 Qe2+ 50. Kh1 Qxe3 51. a8=Q+ Kxa8 52. Kg2 c5
53. h4 f4 54. g4 f3+ 55. Kf1 Qe2+ 56. Kg1 f2+ 57. Kg2 f1=Q+ 58. Kg3 Qff3# 0-1

[Event "Veterans 2018"]
[Site "Aubagne"]
[Date "2018.05.17"]
[Round "1.15"]
[White "Roman, Sylvian"]
[Black "Catanese, Sauveur"]
[Result "1-0"]
[WhiteElo "1375"]
[BlackElo "1052"]
[PlyCount "95"]

1. e4 d6 2. d4 Nf6 3. Nc3 a6 4. Nf3 Bg4 5. Be2 g6 6. Be3 Bg7 7. Qd2 O-O 8. h3
Bxf3 9. Bxf3 Re8 10. O-O-O e5 11. Bg5 b5 12. Nd5 Re6 13. Bg4 Nxe4 14. Bxd8 Nxd2
15. Bxe6 fxe6 16. Nf6+ Kh8 17. Rxd2 Bh6 18. Ne4 Nc6 19. Bf6+ Kg8 20. Bg5 Bg7
21. dxe5 Nxe5 22. Bf6 Bh6 23. Bxe5 Bxd2+ 24. Nxd2 dxe5 25. Re1 Rf8 26. f3 Rf5
27. g4 Rf8 28. Rxe5 Kf7 29. Rc5 Rc8 30. Ne4 Ke7 31. Rc6 a5 32. Nc5 Rf8 33.
Rxe6+ Kd8 34. Re3 Kc8 35. Rd3 c6 36. Kd2 Rf4 37. Ke3 Rf7 38. Ne4 Re7 39. Kf2
Kc7 40. Nc5 b4 41. a4 g5 42. c3 bxc3 43. Rxc3 Kd6 44. Ne4+ Kd5 45. Rc5+ Kd4 46.
Rxc6 Kd5 47. Rc5+ Kd4 48. Rxa5 1-0

[Event "Veterans 2018"]
[Site "Aubagne"]
[Date "2018.05.17"]
[Round "1.16"]
[White "Desjardins, Rene"]
[Black "Masson, Wally"]
[Result "1-0"]
[WhiteElo "1363"]
[BlackElo "1150"]
[PlyCount "61"]

1. e4 e5 2. Nc3 Nf6 3. Nf3 Nc6 4. Bc4 Bc5 5. Ng5 O-O 6. O-O d6 7. Kh1 Ng4 8.
Nh3 Qf6 9. Nd5 Qd8 10. d3 Ne7 11. Bg5 f6 12. Nxe7+ Kh8 13. Nxc8 Qxc8 14. Bh4 f5
15. Ng5 Qd7 16. Be6 Qe8 17. Bxf5 Qh5 18. Qxg4 Qxg4 19. Bxg4 h6 20. Ne6 Bb6 21.
Nxf8 Rxf8 22. a4 Rf4 23. f3 Bd4 24. c3 Be3 25. Bg3 Rf6 26. Bf2 Bf4 27. Bxa7 b6
28. a5 b5 29. Bf2 h5 30. Bh3 Bg5 31. a6 1-0

[Event "Veterans 2018"]
[Site "Aubagne"]
[Date "2018.05.17"]
[Round "1.17"]
[White "Sirvente, Jean-Jacques"]
[Black "Vicari-Vento, Salvatore"]
[Result "0-1"]
[WhiteElo "1090"]
[BlackElo "1362"]
[PlyCount "98"]

1. e4 c5 2. c4 d6 3. Nc3 Nf6 4. h3 a6 5. Be2 e6 6. Nf3 Be7 7. d3 Nc6 8. a3 O-O
9. O-O Re8 10. Be3 Bf8 11. Bg5 h6 12. Bh4 Be7 13. Rc1 Nh7 14. Bxe7 Qxe7 15. Qd2
Rb8 16. Rfe1 Nd4 17. Nxd4 cxd4 18. Nb1 e5 19. Rf1 b6 20. Bh5 g6 21. Bf3 Qg5 22.
Qxg5 Nxg5 23. Be2 Ne6 24. Nd2 Nf4 25. Bf3 Nxd3 26. Rc2 Nf4 27. Kh2 Ne6 28. b4
Ng5 29. Be2 f5 30. f3 f4 31. Rg1 Bd7 32. h4 Nh7 33. g3 fxg3+ 34. Rxg3 Kg7 35.
Rc1 Re6 36. Rcg1 Be8 37. Rf1 Rf6 38. Rg4 Kh8 39. f4 h5 40. Rg3 exf4 41. Rgf3
Bd7 42. Nb3 Rbf8 43. Nxd4 g5 44. hxg5 Nxg5 45. R3f2 Nxe4 46. Rg2 Ng3 47. Rff2
Nxe2 48. Nf3 Ng3 49. Rd2 Nf1+ 0-1

[Event "Veterans 2018"]
[Site "Aubagne"]
[Date "2018.05.17"]
[Round "1.18"]
[White "Rouaud, Robert"]
[Black "Boudet, Nicole"]
[Result "1/2-1/2"]
[WhiteElo "1361"]
[BlackElo "1071"]
[PlyCount "137"]

1. e4 e5 2. Bc4 Nf6 3. d3 Bc5 4. h3 Nc6 5. Nf3 d6 6. Nc3 a6 7. Ng5 O-O 8. O-O
b5 9. Bd5 Qd7 10. a3 a5 11. Be3 Nxd5 12. Bxc5 Nxc3 13. bxc3 dxc5 14. Qh5 h6 15.
Nf3 Ne7 16. Qxe5 Qd6 17. Qh5 Ng6 18. Nh2 Qe5 19. Qxe5 Nxe5 20. f4 Nc6 21. Rad1
Ba6 22. Rf2 b4 23. cxb4 cxb4 24. a4 Nd4 25. Nf3 Nxf3+ 26. Rxf3 c5 27. Kf2 Bb7
28. Re3 Bc6 29. Ra1 Rab8 30. Re2 b3 31. cxb3 Rxb3 32. Rd2 Rfb8 33. Raa2 R8b4
34. Rac2 c4 35. dxc4 Bxe4 36. Ra2 Rxc4 37. Rd8+ Kh7 38. Ra8 Rc2+ 39. Rxc2 Bxc2
40. Rxa5 Rb4 41. Rb5 Rxf4+ 42. Kg3 Rxa4 43. Rb7 Ra3+ 44. Kh2 f6 45. Re7 Bd3 46.
Re1 g5 47. Re6 Kg6 48. Re1 Ra4 49. Re3 Bf5 50. Rg3 Rh4 51. Rc3 g4 52. Rg3 Be6
53. Kg1 f5 54. hxg4 fxg4 55. Re3 Kf5 56. Rd3 Ke4 57. Ra3 Bc4 58. Kf2 Rh2 59.
Kg3 Rxg2+ 60. Kxg2 Ke5 61. Kg3 h5 62. Ra5+ Bd5 63. Ra4 Kf5 64. Kh4 Bf7 65. Ra5+
Kf4 66. Ra4+ Kf5 67. Kg3 Kg5 68. Ra5+ Kh6 69. Kh4 1/2-1/2

[Event "Veterans 2018"]
[Site "Aubagne"]
[Date "2018.05.17"]
[Round "1.19"]
[White "Ulloa, Philippe"]
[Black "Autouard, Jean-Luc"]
[Result "1-0"]
[WhiteElo "1329"]
[BlackElo "1240"]
[PlyCount "99"]

1. d4 f5 2. Nf3 Nf6 3. c4 e6 4. Nc3 Bb4 5. Qc2 O-O 6. Bd2 d5 7. a3 Ba5 8. b4
Nc6 9. bxa5 Nxa5 10. c5 Nc4 11. Bf4 c6 12. h3 Qa5 13. Nd2 b5 14. Nf3 Qd8 15. e3
Nh5 16. Bh2 a5 17. Be2 Nf6 18. O-O Ne4 19. Bxc4 bxc4 20. Nd2 Qg5 21. Nf3 Qf6
22. Be5 Qg6 23. Ne2 a4 24. Nf4 Qf7 25. Rfb1 g5 26. Ne2 g4 27. Nh2 Qh5 28. Nf4
Qg5 29. Nf1 gxh3 30. Nxh3 Qg6 31. Rb6 Bd7 32. Rb7 Bc8 33. Rg7+ Qxg7 34. Bxg7
Kxg7 35. Rb1 Ra7 36. Rb8 Raf7 37. f3 Nf6 38. Qxa4 Rc7 39. Nf4 Re8 40. Ng3 e5
41. Nfh5+ Nxh5 42. Nxh5+ Kg6 43. Ng3 f4 44. Rxc8 Rcxc8 45. Qc2+ e4 46. exf4 Kg7
47. Nf5+ Kf6 48. Nd6 Ke7 49. Nxc8+ Rxc8 50. fxe4 1-0

[Event "Veterans 2018"]
[Site "Aubagne"]
[Date "2018.05.17"]
[Round "2.1"]
[White "Moncamp, Gilles"]
[Black "Kleitz, Michel"]
[Result "1-0"]
[WhiteElo "2107"]
[BlackElo "1720"]
[PlyCount "35"]

1. e4 c5 2. c3 d5 3. exd5 Qxd5 4. d4 e6 5. Nf3 Nf6 6. Na3 a6 7. Nc4 Nbd7 8. a4
cxd4 9. cxd4 Bb4+ 10. Bd2 Bxd2+ 11. Qxd2 O-O 12. Bd3 b6 13. O-O Bb7 14. Qf4 h6
15. Ra3 Rac8 16. Nd6 Nh5 17. Nxc8 Qa5 18. Ne7+ 1-0

[Event "Veterans 2018"]
[Site "Aubagne"]
[Date "2018.05.17"]
[Round "2.2"]
[White "Deregnaucourt, Yves"]
[Black "Cescon, Moreno"]
[Result "0-1"]
[WhiteElo "1664"]
[BlackElo "1782"]
[PlyCount "62"]

1. e4 e5 2. Nf3 d6 3. d4 exd4 4. Nxd4 Nf6 5. Nc3 Nc6 6. Bc4 Be7 7. O-O a6 8. a3
O-O 9. h3 Nxd4 10. Qxd4 b5 11. Bd3 c5 12. Qe3 Re8 13. Rd1 Qc7 14. f4 d5 15.
Nxd5 Nxd5 16. exd5 c4 17. d6 Qa7 18. Be4 Bf6 19. Qxa7 Rxa7 20. Be3 Rd7 21. Bc6
Rxe3 22. Bxd7 Bxd7 23. Kf2 Re8 24. c3 g6 25. Rd5 Bh4+ 26. g3 Bf6 27. g4 Bh4+
28. Kf1 Re3 29. Rc5 Rxh3 30. Rd1 Rh1+ 31. Ke2 Bxg4+ 0-1

[Event "Veterans 2018"]
[Site "Aubagne"]
[Date "2018.05.17"]
[Round "2.3"]
[White "Blanc, Michel"]
[Black "Battaglia, Gerard"]
[Result "1-0"]
[WhiteElo "1615"]
[BlackElo "1749"]
[PlyCount "117"]

1. d4 Nf6 2. Bg5 Ne4 3. Bf4 d5 4. e3 e6 5. Nd2 Nf6 6. Bd3 c5 7. c3 Nc6 8. Ngf3
Qb6 9. Qb3 Qd8 10. Bb5 Bd7 11. Bxc6 bxc6 12. O-O c4 13. Qc2 Be7 14. h3 Nh5 15.
Bh2 f5 16. Ne5 O-O 17. Qd1 Nf6 18. f4 c5 19. Bg3 cxd4 20. exd4 Be8 21. Qe1 Qb6
22. Rb1 Bd6 23. b3 cxb3 24. Rxb3 Qc7 25. Qb1 Ba4 26. Rb7 Qxc3 27. Ndf3 Bxe5 28.
fxe5 Ne4 29. Be1 Qe3+ 30. Kh2 Rfc8 31. Qb4 Bc6 32. Re7 Qf4+ 33. Kg1 Re8 34.
Rxe8+ Rxe8 35. Qa5 Qe3+ 36. Kh2 Qe2 37. Rg1 a6 38. a4 g5 39. Nd2 Qc4 40. Nxc4
dxc4 41. Qxa6 Bd5 42. Qb5 Ra8 43. a5 c3 44. Bxc3 Nxc3 45. Qb6 Ne2 46. Rd1 Nf4
47. Rd2 Ng6 48. a6 Nf8 49. Rb2 h5 50. a7 g4 51. hxg4 hxg4 52. Qc7 f4 53. Rb8 f3
54. gxf3 gxf3 55. Kg1 Be4 56. Rxa8 Bxa8 57. Qb8 Bd5 58. a8=Q Bxa8 59. Qxa8 1-0

[Event "Veterans 2018"]
[Site "Aubagne"]
[Date "2018.05.17"]
[Round "2.4"]
[White "Colandrea, Sauveur"]
[Black "Derien, Robert"]
[Result "1/2-1/2"]
[WhiteElo "1737"]
[BlackElo "1557"]
[PlyCount "77"]

1. d4 Nf6 2. Nf3 d5 3. c4 c6 4. Nc3 g6 5. Bf4 Bg7 6. e3 Bf5 7. Qb3 Qb6 8. c5
Qxb3 9. axb3 Nbd7 10. b4 O-O 11. h3 Ne4 12. Be2 a5 13. b5 Nxc3 14. bxc3 a4 15.
O-O Bc2 16. Rfc1 Bb3 17. Ra3 Nf6 18. Nd2 Ne4 19. Nxb3 axb3 20. Rxb3 Ra2 21.
bxc6 bxc6 22. Rcb1 Nd2 23. R3b2 Nxb1 24. Rxa2 Nxc3 25. Rc2 Nxe2+ 26. Rxe2 Ra8
27. Rb2 f6 28. Bc7 Kf7 29. Rb6 Ke6 30. Rb7 Rc8 31. f4 h5 32. g3 g5 33. Kf2 Kf5
34. Kf3 g4+ 35. hxg4+ hxg4+ 36. Kf2 Bf8 37. Ra7 Ke4 38. Bb6 f5 39. Ke2 1/2-1/2

[Event "Veterans 2018"]
[Site "Aubagne"]
[Date "2018.05.17"]
[Round "2.5"]
[White "Strate, Francois"]
[Black "Lognos, Lina"]
[Result "1-0"]
[WhiteElo "1412"]
[BlackElo "1004"]
[PlyCount "115"]

1. d4 g6 2. c4 Bg7 3. Nc3 d6 4. e4 Nd7 5. Be3 b6 6. Be2 a6 7. Nf3 Bb7 8. O-O
Ngf6 9. Qc2 O-O 10. Rfd1 Ng4 11. Bf4 e5 12. Bg5 Ngf6 13. dxe5 dxe5 14. Nxe5 Bc6
15. Nxc6 Qe8 16. f3 Qe6 17. Nd4 Qe5 18. f4 Qc5 19. Kh1 Rfe8 20. Na4 Qe7 21. e5
h6 22. exf6 Nxf6 23. Bxf6 Bxf6 24. Bf3 Rad8 25. Ne2 Qe3 26. Rxd8 Rxd8 27. Bd5
Kg7 28. Rd1 c6 29. Bf3 Qe6 30. Rxd8 Bxd8 31. b3 Bc7 32. g3 Qe3 33. Qc3+ Qxc3
34. Naxc3 c5 35. Nd5 Bd8 36. Nec3 f6 37. Ne4 Kf7 38. Nd6+ Ke6 39. Nb7 Kd7 40.
Nxd8 Kxd8 41. Nxf6 a5 42. Be4 Ke7 43. Nd5+ Kf7 44. Nxb6 Kf6 45. g4 g5 46. Nd5+
Kf7 47. fxg5 hxg5 48. h3 Ke6 49. Kg2 Ke5 50. Kf3 Kd4 51. a3 Ke5 52. Bf5 Kd4 53.
h4 gxh4 54. g5 Ke5 55. g6 Kxf5 56. g7 h3 57. Kg3 h2 58. Kxh2 1-0

[Event "Veterans 2018"]
[Site "Aubagne"]
[Date "2018.05.17"]
[Round "2.6"]
[White "Pietrac, Christian"]
[Black "Rouaud, Robert"]
[Result "0-1"]
[WhiteElo "1219"]
[BlackElo "1361"]
[PlyCount "114"]

1. Nf3 Nf6 2. g3 d6 3. Bg2 e5 4. d3 h6 5. O-O Be7 6. Nbd2 c6 7. Ne1 Be6 8. d4
exd4 9. Ne4 Qb6 10. c3 dxc3 11. Nxc3 d5 12. Nd3 Nbd7 13. Na4 Qc7 14. Be3 b6 15.
Rc1 O-O 16. b4 b5 17. Nac5 Nxc5 18. Nxc5 Bxc5 19. Bxc5 Rfe8 20. Bd4 Nd7 21. Rc3
Rac8 22. Qa1 f6 23. Rfc1 Qb7 24. a4 a6 25. e3 Nb6 26. axb5 axb5 27. Qa5 Nc4 28.
Qa7 Qxa7 29. Bxa7 Ra8 30. Bc5 Ra4 31. e4 Rd8 32. Rd1 Raa8 33. exd5 Bxd5 34. Bh3
Ne5 35. Bg2 Bxg2 36. Kxg2 Rxd1 37. f4 Nc4 38. Rc2 Rd2+ 39. Rxd2 Nxd2 40. Kh3
Kf7 41. Kg4 Rd8 42. h4 Rd5 43. Be3 h5+ 44. Kh3 Ne4 45. Kg2 f5 46. Kh2 c5 47.
bxc5 Nxc5 48. Bc1 b4 49. Bb2 b3 50. Bc3 Nd3 51. Ba1 b2 52. Bxb2 Nxb2 53. Kg2
Nd1 54. Kf3 Ke6 55. Ke2 Nc3+ 56. Ke3 Ne4 57. Kf3 Rd3+ 0-1

[Event "Veterans 2018"]
[Site "Aubagne"]
[Date "2018.05.17"]
[Round "2.7"]
[White "Pierrugues, Laurent"]
[Black "Lassalle, Marc"]
[Result "1-0"]
[WhiteElo "1768"]
[BlackElo "1405"]
[PlyCount "51"]

1. e4 d5 2. exd5 Nf6 3. Bb5+ c6 4. dxc6 bxc6 5. Be2 e6 6. Nf3 Bc5 7. d4 Bb4+ 8.
c3 Ba5 9. O-O h6 10. Bf4 g5 11. Be5 Bc7 12. Qa4 Bd7 13. Nbd2 c5 14. Bb5 a6 15.
Bxd7+ Nbxd7 16. dxc5 O-O 17. Bxc7 Qxc7 18. b4 g4 19. Nd4 Kh8 20. Qc2 Rg8 21.
Ne4 Nd5 22. Nd6 Rg7 23. Qd2 Rag8 24. Rfe1 h5 25. Qh6+ Rh7 26. Nxf7# 1-0

[Event "Veterans 2018"]
[Site "Aubagne"]
[Date "2018.05.17"]
[Round "2.8"]
[White "Cotton, Paul"]
[Black "Thiers, Jean-Jacques"]
[Result "0-1"]
[WhiteElo "1395"]
[BlackElo "1606"]
[PlyCount "110"]

1. Nf3 d5 2. g3 Bf5 3. Bg2 e6 4. d3 Nf6 5. h3 Nbd7 6. Nh4 Bg6 7. Nxg6 hxg6 8.
Nd2 c6 9. a3 a5 10. b3 Rb8 11. Bb2 Bd6 12. e3 Qc7 13. Nf3 O-O 14. Rc1 b6 15. c4
c5 16. cxd5 Nxd5 17. Rc2 Bxg3 18. fxg3 Qxg3+ 19. Rf2 Nxe3 20. Qe2 Nxg2+ 21. Kf1
Nh4 22. Qe4 Nxf3 23. Rxf3 Qd6 24. Qe2 Rfd8 25. Rh2 Nf6 26. Rhf2 Rd7 27. Qc2 Qd5
28. Qc3 Nh5 29. Ke2 f6 30. Re3 g5 31. Kd2 Nf4 32. Kc2 Rbd8 33. Rd2 Qd4 34. Re4
Qxc3+ 35. Bxc3 e5 36. Re3 Nd5 37. Rf3 Nxc3 38. Kxc3 Rd4 39. Re3 Kf7 40. Rf3 e4
41. Rg3 Rxd3+ 42. Rgxd3 Rxd3+ 43. Rxd3 exd3 44. Kxd3 b5 45. Ke4 Ke6 46. Kd3 Ke5
47. Ke3 f5 48. Kf3 Kd4 49. Ke2 c4 50. b4 a4 51. Kd2 c3+ 52. Kc2 f4 53. Kd1 f3
54. Ke1 Ke3 55. h4 c2 0-1

[Event "Veterans 2018"]
[Site "Aubagne"]
[Date "2018.05.17"]
[Round "2.9"]
[White "Hidreau, Olivier"]
[Black "Marku, Demeter"]
[Result "1-0"]
[WhiteElo "1390"]
[BlackElo "1498"]
[PlyCount "95"]

1. e4 e5 2. Nf3 Nc6 3. d4 exd4 4. Nxd4 Bc5 5. Be3 Nge7 6. Nxc6 Nxc6 7. Bxc5 Qf6
8. Ba3 d6 9. Bd3 O-O 10. Qf3 Qg5 11. Nc3 Ne5 12. Qg3 Qh6 13. Rd1 Be6 14. b3 f5
15. Ne2 f4 16. Nxf4 Qxf4 17. Qxf4 Rxf4 18. Bc1 Rf7 19. O-O Raf8 20. Be2 Bg4 21.
Bxg4 Nxg4 22. f3 Ne5 23. Rd5 Nc6 24. a3 h6 25. Bd2 Nd8 26. Be3 Ne6 27. Rd2 Rf6
28. Rdf2 g5 29. c3 c5 30. b4 c4 31. Rd1 Nc7 32. a4 b5 33. a5 R8f7 34. Bxa7 Ne6
35. Be3 Nf4 36. Bxf4 gxf4 37. Rd5 Rb7 38. Rfd2 Kg7 39. Rxd6 Rff7 40. Kf2 h5 41.
R2d5 Kf8 42. Rxh5 Ke7 43. Rdd5 Rf6 44. Rxb5 Rd7 45. Rhe5+ Kd8 46. Rbd5 Rfd6 47.
Rxd6 Rxd6 48. Rd5 1-0

[Event "Veterans 2018"]
[Site "Aubagne"]
[Date "2018.05.17"]
[Round "2.10"]
[White "Bertrand, Frederic"]
[Black "Roman, Sylvian"]
[Result "0-1"]
[WhiteElo "1579"]
[BlackElo "1375"]
[PlyCount "48"]

1. d4 Nf6 2. c4 g6 3. Nf3 Bg7 4. Nc3 d5 5. cxd5 Nxd5 6. e4 Nxc3 7. bxc3 c5 8.
Be3 O-O 9. Qd2 Nc6 10. h3 Qa5 11. Bc4 Rd8 12. e5 cxd4 13. cxd4 Qxd2+ 14. Kxd2
Nxe5 15. Nxe5 Bxe5 16. Kc3 Bg7 17. Rhd1 b6 18. Bg5 Rd7 19. Rd2 Bb7 20. f3 Rc8
21. Kb3 Bd5 22. Bxd5 Rxd5 23. Bxe7 b5 24. Bc5 Rcxc5 0-1